| 000 | 00918mam a2200241 a 4500 | ||
|---|---|---|---|
| 001 | 978-8-49-835557-4 | ||
| 005 | 20230512191052.0 | ||
| 008 | 141020s2010||||es a s |||| 0|spa d | ||
| 010 | _a | ||
| 022 | _y | ||
| 100 | 1 |
_aAmato, Lucila _914191 |
|
| 245 | 1 | 0 |
_aTratamientos psicosociales y farmacológicos versus tratamientos farmacológicos para la desintoxicación de opiáceos / _cLucila Amato y otras |
| 260 |
_aReino Unido : _bCochrane Database of Systematic, _c2011 |
||
| 300 |
_as.p. _ben línea |
||
| 650 | 1 | 7 |
_aPSICOFARMACOLOGIA _92399 _2decs |
| 650 | 1 | 7 |
_aTRATAMIENTO FARMACOLOGICO _96343 _2decs |
| 650 | 1 | 4 |
_aOPIACEOS _917019 |
| 700 | 1 |
_a Minozzi, S. _917016 |
|
| 700 | 1 |
_a Davoli, M. _917017 |
|
| 700 | 1 |
_aVecchi, S. _917018 |
|
| 856 | _uhttps://www.cochrane.org/es/CD005031/ADDICTN_tratamientos-psicosociales-y-farmacologicos-versus-tratamientos-farmacologicos-para-la | ||
| 942 |
_2ddc _cLIBRO DIGI |
||
| 999 |
_c8691 _d8691 |
||
| 980 |
_619226 _a Palazón Marcela I. _819226 _g Palazón Marcela I. |
||